00000000nam 2200000zi 4500
0019.953011
003CaOODSP
00520250818143717
006m     o  d f      
007cr cn|||||||||
008250708t20252025onc     ob   f000 0 fre d
020 |a9780660780634
040 |aCaOODSP|bfre|erda|cCaOODSP
043 |an-cn---
0861 |aCS3226-0005/2025-1F-PDF
24500|aBase de données ouverte des serres document de métadonnées : |bconcepts, méthodologie et qualité des données, 2025.
250 |aVersion 2.0.
264 1|a[Ottawa] : |bStatistique Canada = Statistics Canada, |c2025.
264 4|c©2025
300 |a1 ressource en ligne (15 pages)
336 |atexte|btxt|2rdacontent/fre
337 |ainformatique|bc|2rdamedia/fre
338 |aressource en ligne|bcr|2rdacarrier/fre
500 |aTitre de la couverture.
500 |a« Date de diffusion : le 18 août 2025. »
500 |aPublié aussi en anglais sous le titre : The Open Database of Greenhouses metadata document : concepts, methodology and data quality, 2025.
504 |aComprend des références bibliographiques.
650 6|aGéographie|zCanada|xBases de données.
7102 |aStatistique Canada, |eorganisme de publication.
77508|tThe Open Database of Greenhouses metadata document : |w(CaOODSP)9.953010
85640|qPDF|s265 Ko|uhttps://publications.gc.ca/collections/collection_2025/statcan/CS3226-0005-2025-1-fra.pdf
8564 |qHTML|sS.O.|uhttps://www150.statcan.gc.ca/n1/pub/32-26-0005/322600052025001-fra.htm